| 000 | 00831nam a22001935i 4500 | ||
|---|---|---|---|
| 001 | 160467 | ||
| 003 | ES-MaACL | ||
| 005 | 20230906212038.0 | ||
| 008 | 010220s1893 sp |||| | spa d | ||
| 040 |
_aCCPB | B _bspa _cCCPB | B |
||
| 100 | 1 |
_aNogales-Delicado y Rendón, Dionisio de. _9130508 |
|
| 245 | 1 | 0 | _aRimas de D. de N. D. y R. |
| 260 |
_aValladolid : _bimprenta, librería, heliografía y taller de grabados de Luis N. de Gaviria, _c1893. |
||
| 300 |
_a1 v. ; _c27 cm. |
||
| 594 | _aTít. en antep.: "Verso" | ||
| 595 | _aTirada no venal. | ||
| 597 | 1 | _aT. IV (263 p.) | |
| 852 |
_aES-MaACL _jG-10168 _z-- Enc. hol. conservando la cub. original _z-- Dedicatoria ms. del autor al Ateneo Cientifico Literario _x-- Edic.: El autor es Dionisio de Nogales Delicado y Rendon -- Es el t.IV de sus obras, el único de rimas |
||
| 999 |
_c160467 _d160467 |
||